书目信息 |
| 题名: |
机器人技术基础及应用
|
|
| 作者: | 郭彤颖 , 安冬 编著 | |
| 分册: | ||
| 出版信息: | 北京 清华大学出版社 2017 |
|
| 页数: | 239页 | |
| 开本: | 26cm | |
| 丛书名: | ||
| 单 册: | ||
| 中图分类: | TP24 | |
| 科图分类: | ||
| 主题词: | 机器人技术--ji qi ren ji shu--高等学校--教材 | |
| 电子资源: | ||
| ISBN: | 978-7-302-45785-5 | |
| 000 | 01240nam0 2200301 450 | |
| 001 | CAL 012017016705 | |
| 005 | 20170619152706.67 | |
| 010 | @a978-7-302-45785-5@b@dCNY34.50 | |
| 099 | @aCAL 012017016705 | |
| 100 | @a20170214d2017 em y0chiy50 ea | |
| 101 | 0 | @achi |
| 102 | @aCN@b110000 | |
| 105 | @aak a 000yy | |
| 106 | @ar | |
| 200 | 1 | @a机器人技术基础及应用@Aji qi ren ji shu ji chu ji ying yong@d= Fundamentals and application of robot technology@f郭彤颖, 安冬等编著@g@zeng |
| 210 | @a北京@c清华大学出版社@d2017 | |
| 215 | @a239页@c图@d26cm | |
| 320 | @a有书目 (第238-239页) | |
| 330 | @a本书共分9章, 系统地介绍了机器人的基本组成、工作原理和应用实例, 内容涉及机器人技术的发展简史, 工业机器人的运动学和动力学, 机器人的运动规划, 机器人控制技术, 以及机器人的应用实例。 | |
| 333 | @a本书可作为机械、自动化及计算机等专业本科高年级学生或研究生的教材, 也可供从事机器人学研究的教师或其他人员学习和参考 | |
| 510 | 1 | @aFundamentals and application of robot technology@zeng |
| 606 | 0 | @a机器人技术@Aji qi ren ji shu@x高等学校@j教材 |
| 690 | @aTP24@v5 | |
| 701 | 0 | @a郭彤颖@Aguo tong ying@4编著 |
| 701 | 0 | @a安冬@Aan dong@4编著 |
| 801 | 0 | @aCN@bZHONGJIAO@c20170609@g |
| 905 | @aBZT@dTP24@e2 | |
| 906 | @dCNY34.50@n3@r1 | |
| 机器人技术基础及应用= Fundamentals and application of robot technology/郭彤颖, 安冬等编著.-北京:清华大学出版社,2017 |
| 239页:图;26cm |
| 使用对象:本书可作为机械、自动化及计算机等专业本科高年级学生或研究生的教材, 也可供从事机器人学研究的教师或其他人员学习和参考 |
| ISBN 978-7-302-45785-5:CNY34.50 |
| 本书共分9章, 系统地介绍了机器人的基本组成、工作原理和应用实例, 内容涉及机器人技术的发展简史, 工业机器人的运动学和动力学, 机器人的运动规划, 机器人控制技术, 以及机器人的应用实例。 |
| ● |
| 相关链接 |
|
|
|
正题名:机器人技术基础及应用
索取号:TP24/2
 
预约/预借
| 序号 | 登录号 | 条形码 | 馆藏地/架位号 | 状态 | 备注 |
| 1 | 830196 | 2000830196 | 第二书库/ [索取号:TP24/2] | 在馆 | |
| 2 | 830197 | 2000830197 | 第二书库/ [索取号:TP24/2] | 在馆 | |
| 3 | 830198 | 2000830198 | 第二书库/ [索取号:TP24/2] | 在馆 |